000 00798nam a2200265 i 4500
001 bg
100 1 _aWEISS, Ireneusz
245 1 0 _aInwestycje budowlane :
_bporadnik prawniczy wraz z wzorami i tekstami aktów prawnych /
_cIreneusz Weiss, Robert Jurga.
250 _a3 wyd. popr. i uzup.
260 _aWarszawa :
_bC. H. Beck,
_c1999.
300 _aXV, [2] 462 s. ;
_c20 cm.
490 1 _aPoradniki Prawnicze [Becka]
504 _aIndeks.
650 9 _aBudownictwo
_xinwestycje
_xprawo
_zPolska
_ystan na 1999 r.
655 _aPoradniki
700 1 _aJURGA, Robert
830 _aPoradniki Prawnicze [Becka]
020 _a8371102895
040 _cBPK
041 0 _apl
080 _a349.442(438)
920 _a83-7110-289-5
942 _cKS
008 s pl f |000 0 pol
999 _c36031
_d36031
856 _uhttp://koha.tu.koszalin.pl/cgi-bin/koha/opac-detail.pl?biblionumber=36031
_yKatalog online BPK